| 000 | 00747nam a22002177i 4500 | ||
|---|---|---|---|
| 999 |
_c22760 _d22760 |
||
| 003 | AR-CdUCM | ||
| 008 | 240117b20212021pe ||||| |||| 00| 0 spa d | ||
| 020 | _a978-612-00-5842-8 | ||
| 040 |
_aMUNICIPALIDAD PROVINCIAL DEL CUSCO _cBIBLIOTECA MUNICIPAL DEL CUSCO |
||
| 041 | _hspa | ||
| 082 |
_a498.51 / L68 _bL68 |
||
| 100 |
_aLiva Pantoja, Gabriela M. _949315 |
||
| 245 |
_aAñay Diccionario Bilingüe Castellano - Quechua : _bMás de 5,000 traducciones incluye sufijos quechuas / |
||
| 260 |
_aWanchac-Cusco : _c2021 _bAutor-Editor |
||
| 300 |
_a212 páginas. : _c21x125 cm. |
||
| 505 | _aFonética quechua | ||
| 650 |
_aFonética quechua _949316 |
||
| 650 |
_aConsonante alveolar _949317 |
||
| 942 |
_2ddc _cLIBROS |
||
| 945 |
_apbjr _d17-01-2024 |
||